书目信息 |
| 题名: |
波导渐变器过渡器和耦合器
|
|
| 作者: | 斯波德莱 , 翁格尔 , Unger , Sporleder 著 ;钦耀坤 译 | |
| 分册: | ||
| 出版信息: | 北京 科学出版社 1984 |
|
| 页数: | 318页 | |
| 开本: | 19cm | |
| 丛书名: | ||
| 单 册: | ||
| 中图分类: | TN62 | |
| 科图分类: | ||
| 主题词: | 定向耦合器 , 波导过渡-波导元件 , 变换器 , 波导元件-波导过渡 | |
| 电子资源: | ||
| ISBN: | ||
| 000 | 01048nam0 2200337 45 | |
| 001 | 0184016305 | |
| 005 | 20061123160058.04 | |
| 010 | @dCNY1.60 | |
| 091 | @aCN@b15031.591 | |
| 100 | @a19950523d1984 em y0chiy0121 ea | |
| 101 | 1 | @achi@beng@cger |
| 102 | @aCN@b110000 | |
| 105 | @ay z 000yy | |
| 200 | 10 | @a波导渐变器过渡器和耦合器@Abo dao jian bian qi guo du qi he ou he qi@f(德)斯波德莱(F.Sporleder),(德)翁格尔(H.G.Unger)著@g钦耀坤译 |
| 210 | @a北京@c科学出版社@d1984 | |
| 215 | @a318页@d19cm | |
| 300 | @a书名原文:Waveguide tapers transitions and couplers | |
| 510 | 1 | @aWaveguide tapers transitions and couplers@zeng |
| 606 | @a定向耦合器 | |
| 606 | @a波导过渡-波导元件 | |
| 606 | @a变换器 | |
| 606 | @a波导元件-波导过渡 | |
| 690 | @aTN62@v3 | |
| 701 | 1 | @a斯波德莱@Asi bo de lai@bF.@4著 |
| 701 | 1 | @a翁格尔@Aweng ge er@bH.G.@4著 |
| 701 | A1 | @aUnger@bH.G.@4著 |
| 701 | A1 | @aSporleder@bF.@4著 |
| 702 | 0 | @a钦耀坤@Aqin yao kun@4译 |
| 801 | 2 | @aCN@bNLC@c20061123 |
| 801 | 0 | @aCN@bTSSF |
| 905 | @a10447@dTN62@e29 | |
| 波导渐变器过渡器和耦合器/(德)斯波德莱(F.Sporleder),(德)翁格尔(H.G.Unger)著/钦耀坤译.-北京:科学出版社,1984 |
| 318页;19cm |
| 书名原文:Waveguide tapers transitions and couplers |
| ISBN :CNY1.60 |
| ● |
| 相关链接 |
|
|
|
|
正题名:波导渐变器过渡器和耦合器
索取号:TN62/29
 
预约/预借
| 序号 | 登录号 | 条形码 | 馆藏地/架位号 | 状态 | 备注 |
| 1 | 0124284 | 001354554 | 第二样本阅览室/ [索取号:TN62/29] | 在馆 |